| 000 | 01168nam a2200397 a 4500 | ||
|---|---|---|---|
| 003 | AR-BaBNM | ||
| 005 | 20251128205542.0 | ||
| 008 | 082120s2002 ||||||||||||||000 | spa|| | ||
| 020 | _a84-7509-839-8 | ||
| 040 | _cAR-BaBNM | ||
| 245 | 0 | 0 |
_aLa atención al niño maltratado _bpolítica pública y práctica profesional |
| 250 | _a1ª ed. | ||
| 260 |
_aBuenos Aires _bPaidós _c1992 |
||
| 300 |
_a231 p. _btablas |
||
| 490 | 0 |
_aBiblioteca de psiquiatría, psicopatología y psicosomática. Mayor _vv. 121 |
|
| 500 | _aIndice analítico: p. 225-231 | ||
| 504 | _aBibliografía: p. 213-224 | ||
| 650 | 4 | _aTRABAJO SOCIAL | |
| 650 | 4 | _aSERVICIOS SOCIALES | |
| 650 | 4 | _aBIENESTAR SOCIAL | |
| 650 | 4 | _aGRUPOS | |
| 650 | 4 | _aDINAMICA DE GRUPO | |
| 650 | 4 | _aCRIMINOLOGIA | |
| 650 | 4 | _aCASTIGO | |
| 650 | 4 | _aDELINCUENCIA | |
| 650 | 4 | _aPROTECCION SOCIAL | |
| 650 | 4 | _aNIÑOS SOCIALMENTE DESFAVORECIDOS | |
| 650 | 4 | _aLEGISLACION | |
| 650 | 4 | _aNIÑOS MALTRATADOS | |
| 650 | 4 | _aPOLITICA SOCIAL | |
| 651 | 4 | _aEuropa | |
| 700 | 1 |
_aStevenson, Olive _ecompilador |
|
| 700 | 1 |
_aBotella García del Cid, Luis _etraductor |
|
| 942 | _cBK | ||
| 998 | _csilvi | ||
| 999 |
_c11854 _d11854 |
||